Biggest Cities in Pacific Time Zone - Statistics

General Stats
  • This quiz has been taken 61 times
  • The average score is 15 of 20
Answer Stats
State Population Pacific Time Zone % Correct
Nevada 667,501 Las Vegas
100%
California 3,983,540 Los Angeles
100%
California 883,255 San Francisco
100%
Washington 776,555 Seattle
100%
California 1,427,720 San Diego
98%
Oregon 662,549 Portland
95%
Nevada 266,511 Reno
86%
California 525,398 Sacramento
81%
California 1,009,340 San Jose
81%
Califronia 440,981 Oakland
76%
California 537,100 Fresno
69%
California 456,154 Long Beach
67%
California 349,699 Anaheim
64%
Nevada 341,531 Henderson
62%
California 389,007 Bakersfield
60%
California 334,772 Riverside
55%
California 333,130 Santa Ana
48%
California 314,835 Stockton
43%
California 298,739 Irvine
40%
California 281,838 Chula Vista
36%
No matching quizzes found
Score Distribution
Percent of People with Each Score
Percentile by Number Answered
Your Score History
You have not taken this quiz